000 00715nam a2200229Ia 4500
003 GCL
005 20240530103200.0
008 140319s9999 xx 000 0 ara d
040 _aGCL /
_cGCL
082 0 4 _a346.09
_bم و
100 1 _aمعوض عبدالتواب
245 1 0 _aالوسيط فى جريمتى النصب وخيانة الامانة /
_cمعوض عبدالتواب
260 _a[S.N] :
_bمنشاة المعارف الاسلامية ،
_c1985
300 _a318 ص
650 0 4 _aالقانون
650 0 4 _aالشيكات
650 0 4 _aالقانون المدنى
650 0 4 _aالسرقة
650 0 4 _aالقانون التجارى
650 0 4 _aالاختلاس
942 _2ddc
_cBK
999 _c37397
_d37397